[Event "Porto Mannu op 10th"]
[Site "Porto Mannu"]
[Date "2018.06.02"]
[Round "1"]
[White "Pedersen, Hans Buus"]
[Black "Haug, Johannes"]
[Result "0-1"]
[WhiteElo "2140"]
[BlackElo "2401"]
[PlyCount "80"]
[EventDate "2018.06.02"]
[EventType "swiss"]
[EventRounds "9"]
[EventCountry "ITA"]
[SourceTitle "CBM 184 Extra"]
[Source "ChessBase"]
[SourceDate "2018.06.28"]
[SourceVersion "1"]
[SourceVersionDate "2018.06.28"]
[SourceQuality "1"]

1. d4 Nf6 2. Bf4 e6 3. e3 d5 4. Nf3 c5 5. c3 Nc6 6. Nbd2 Bd6 7. Bg3 0-0 8. Bd3 b6 9. e4 Be7 10. e5 Nh5 11. Ng5 Bxg5 12. Qxh5 g6 13. Qe2 cxd4 14. h4 Bh6 15. h5 dxc3 16. bxc3 Bg7 17. hxg6 hxg6 18. Bh4 Qc7 19. f4 Ne7 20. Rc1 Nf5 21. Bf2 Bb7 22. g4 Ne7 23. Bd4 Nc6 24. Nf3 Rfc8 25. Kd2 Nxd4 26. Nxd4 g5 27. Nb5 Qe7 28. Nd6 d4 29. Nxb7 Qxb7 30. Bh7+ Kf8 31. Be4 dxc3+ 32. Ke1 Qc7 33. Bxa8 Rxa8 34. Qe4 Rc8 35. Rh3 c2 36. Qb4+ Kg8 37. Qe4 gxf4 38. Kd2 Qc5 39. Rxc2 Qf2+ 40. Kc1 Qf1+ 0-1

[Event "Arco op 38th"]
[Site "Arco"]
[Date "2016.10.13"]
[Round "6"]
[White "Pedersen, Hans Buus"]
[Black "Wurm, Alexander"]
[Result "1/2-1/2"]
[WhiteElo "2189"]
[BlackElo "2154"]
[PlyCount "92"]
[EventDate "2016.10.08"]
[EventType "swiss"]
[EventRounds "9"]
[EventCountry "ITA"]
[SourceTitle "EXT 2017"]
[Source "ChessBase"]
[SourceDate "2016.10.25"]
[SourceVersion "1"]
[SourceVersionDate "2016.10.25"]
[SourceQuality "1"]

1. d4 Nf6 2. Nf3 g6 3. Bf4 Bg7 4. e3 0-0 5. Nbd2 d6 6. h3 Nc6 7. Bc4 Nd7 8. 0-0 e5 9. Bg5 Qe8 10. c3 h6 11. Bh4 e4 12. Ne1 Ne7 13. f3 Nf5 14. Bf2 exf3 15. Qxf3 Nb6 16. Bb3 d5 17. e4 dxe4 18. Qxe4 Qxe4 19. Nxe4 Re8 20. Nc5 Nd7 21. g4 Nd6 22. Bg3 Re7 23. Ned3 b6 24. Nxd7 Bxd7 25. Ne5 Be6 26. Rae1 Bxb3 27. axb3 Rae8 28. Nc6 Rxe1 29. Rxe1 Rxe1+ 30. Bxe1 Kf8 31. Nxa7 Ke7 32. Nc6+ Ke6 33. Bg3 Kd5 34. Nb4+ Ke4 35. Na6 Kf3 36. Bh2 h5 37. Nxc7 Ne4 38. gxh5 Bh6 39. Nd5 gxh5 40. Bc7 Bg5 41. Nxb6 Be3+ 42. Kh1 f5 43. Nc4 f4 44. Ne5+ Kf2 45. Nd3+ Kf3 46. Ne5+ Kf2 1/2-1/2

[Event "Ortisei Server24 op 3rd"]
[Site "Ortisei"]
[Date "2016.06.04"]
[Round "1"]
[White "Nabaty, Tamir"]
[Black "Pedersen, Hans Buus"]
[Result "1-0"]
[WhiteElo "2610"]
[BlackElo "2206"]
[PlyCount "67"]
[EventDate "2016.06.04"]
[EventType "swiss"]
[EventRounds "9"]
[EventCountry "ITA"]
[SourceTitle "CBM 172 Extra"]
[Source "ChessBase"]
[SourceDate "2016.06.21"]
[SourceVersion "1"]
[SourceVersionDate "2016.06.21"]
[SourceQuality "1"]

1. d4 e6 2. Bf4 f5 3. g4 Nf6 4. gxf5 exf5 5. Nf3 b6 6. Qd3 g6 7. Nc3 Bb7 8. 0-0-0 Na6 9. d5 Nc5 10. Qd4 Bg7 11. d6 0-0 12. dxc7 Qe8 13. Be5 Ne6 14. Qc4 Rf7 15. Nb5 d5 16. Qb4 a5 17. Qd6 Qxb5 18. Qxe6 Re8 19. e3 Qb4 20. Qd6 Qxd6 21. Bxd6 Ne4 22. Bg3 Nxg3 23. hxg3 d4 24. Bg2 Rxc7 25. exd4 Be4 26. c3 h5 27. Ne1 Bxg2 28. Nxg2 Bh6+ 29. f4 b5 30. Rhe1 Rec8 31. Kc2 b4 32. Ne3 bxc3 33. Nd5 cxb2+ 34. Nxc7 1-0

[Event "Arco op 37th"]
[Site "Arco"]
[Date "2015.10.17"]
[Round "8"]
[White "Seebacher, Reinhard"]
[Black "Pedersen, Hans Buus"]
[Result "0-1"]
[WhiteElo "2016"]
[BlackElo "2132"]
[PlyCount "104"]
[EventDate "2015.10.10"]
[EventType "swiss"]
[EventRounds "9"]
[EventCountry "ITA"]
[SourceTitle "CBM 168 Extra"]
[Source "ChessBase"]
[SourceDate "2015.10.29"]
[SourceVersion "1"]
[SourceVersionDate "2015.10.29"]
[SourceQuality "1"]

1. e4 c5 2. Nf3 Nc6 3. d4 cxd4 4. Nxd4 Nf6 5. Nxc6 bxc6 6. Bd3 e5 7. 0-0 Be7 8. c4 0-0 9. Nc3 d6 10. Kh1 Be6 11. Be2 Nd7 12. Be3 Kh8 13. g4 Nb6 14. b3 Qd7 15. Rg1 Rfd8 16. Bf3 Rab8 17. Qe2 Bf8 18. Rad1 Qc7 19. Qf1 Nd7 20. Qe2 Qa5 21. Na4 Nb6 22. Nxb6 axb6 23. g5 b5 24. cxb5 Qxb5 25. Qb2 Be7 26. Bg4 Qb4 27. f3 Ra8 28. Bxe6 fxe6 29. Qg2 g6 30. Qh3 Re8 31. Rg4 Bf8 32. Rh4 Re7 33. Rc1 c5 34. Qg2 Rea7 35. Qg4 Re8 36. Qh3 Kg8 37. Qg2 Qa5 38. f4 Qxa2 39. Qxa2 Rxa2 40. fxe5 Re2 41. Rh3 dxe5 42. Bxc5 Rxe4 43. Bxf8 Rxf8 44. Rc7 Rg4 45. Rc1 Rxg5 46. Re3 Rf2 47. h3 h5 48. Rd3 Rgf5 49. Rc7 Rf7 50. Rd8+ Kg7 51. Rcc8 R2f3 52. Rg8+ Kf6 0-1

[Event "Arco op 37th"]
[Site "Arco"]
[Date "2015.10.16"]
[Round "7"]
[White "Pedersen, Hans Buus"]
[Black "Oppici, Gabriele"]
[Result "1/2-1/2"]
[WhiteElo "2132"]
[BlackElo "2015"]
[PlyCount "53"]
[EventDate "2015.10.10"]
[EventType "swiss"]
[EventRounds "9"]
[EventCountry "ITA"]
[SourceTitle "CBM 168 Extra"]
[Source "ChessBase"]
[SourceDate "2015.10.29"]
[SourceVersion "1"]
[SourceVersionDate "2015.10.29"]
[SourceQuality "1"]

1. e4 d6 2. d4 Nf6 3. Nc3 Nbd7 4. Nf3 e5 5. Bc4 Be7 6. 0-0 0-0 7. a4 c6 8. Ba2 h6 9. Qe2 Qc7 10. Rd1 Re8 11. Qc4 Rf8 12. Qe2 Re8 13. h3 Bf8 14. dxe5 dxe5 15. Nh4 Nc5 16. Qf3 Kh7 17. Nf5 Ng8 18. Be3 Be6 19. Bxe6 Nxe6 20. Qe2 g6 21. Ng3 Red8 22. Qc4 Qa5 23. Nce2 Nf6 24. f3 Rac8 25. Kh2 Be7 26. Nc3 Kg7 27. Nce2 1/2-1/2

[Event "Arco op 37th"]
[Site "Arco"]
[Date "2015.10.12"]
[Round "3"]
[White "Pedersen, Hans Buus"]
[Black "Guido, Flavio"]
[Result "1/2-1/2"]
[WhiteElo "2132"]
[BlackElo "2367"]
[PlyCount "37"]
[EventDate "2015.10.10"]
[EventType "swiss"]
[EventRounds "9"]
[EventCountry "ITA"]
[SourceTitle "CBM 168 Extra"]
[Source "ChessBase"]
[SourceDate "2015.10.29"]
[SourceVersion "1"]
[SourceVersionDate "2015.10.29"]
[SourceQuality "1"]

1. e4 c5 2. Nf3 e6 3. c3 Nf6 4. e5 Nd5 5. Bc4 d6 6. d4 cxd4 7. cxd4 Be7 8. 0-0 0-0 9. Qe2 Nc6 10. Nc3 Nxc3 11. bxc3 dxe5 12. dxe5 Bd7 13. Qe4 Qc7 14. Bd3 g6 15. Re1 Na5 16. Bg5 Bxg5 17. Nxg5 h6 18. Nh3 Rfd8 19. Qh4 1/2-1/2

[Event "Politiken Cup 37th"]
[Site "Helsingor"]
[Date "2015.07.29"]
[Round "6"]
[White "Tan, Justin Hy"]
[Black "Pedersen, Hans Buus"]
[Result "1-0"]
[WhiteElo "2417"]
[BlackElo "2158"]
[PlyCount "75"]
[EventDate "2015.07.25"]
[EventType "swiss"]
[EventRounds "10"]
[EventCountry "DEN"]
[SourceTitle "CBM 167 Extra"]
[Source "ChessBase"]
[SourceDate "2015.09.14"]
[SourceVersion "1"]
[SourceVersionDate "2015.09.14"]
[SourceQuality "1"]

1. e4 c5 2. Nf3 Nc6 3. d4 cxd4 4. Nxd4 Nf6 5. Nc3 e6 6. Ndb5 Bb4 7. a3 Bxc3+ 8. Nxc3 d5 9. exd5 exd5 10. Bd3 0-0 11. 0-0 d4 12. Ne2 Qb6 13. b4 Bg4 14. f3 Be6 15. Nf4 Bd7 16. Kh1 Ne5 17. Be2 Rfd8 18. Bb2 Bf5 19. g4 Ng6 20. Ng2 Be6 21. Qd2 Ne5 22. Rfd1 Nc4 23. Bxc4 Bxc4 24. Bxd4 Qc6 25. Qf2 Bd5 26. b5 Qxb5 27. Bxf6 gxf6 28. Nf4 Qc4 29. Nh5 Qc3 30. Kg2 Rac8 31. Rac1 Rc4 32. h3 Rd6 33. Rd3 Qb2 34. Qe3 Rxc2+ 35. Rxc2 Qxc2+ 36. Kg3 Re6 37. Qh6 Qc7+ 38. Kh4 1-0

[Event "Arco op 36th"]
[Site "Arco"]
[Date "2014.10.12"]
[Round "9"]
[White "Pedersen, Hans Buus"]
[Black "Rotstein, Arkadij"]
[Result "0-1"]
[WhiteElo "2142"]
[BlackElo "2499"]
[PlyCount "114"]
[EventDate "2014.10.04"]
[EventType "swiss"]
[EventRounds "9"]
[EventCountry "ITA"]
[SourceTitle "CBM 162 Extra"]
[Source "ChessBase"]
[SourceDate "2014.10.17"]
[SourceVersion "1"]
[SourceVersionDate "2014.10.17"]
[SourceQuality "1"]

1. e4 c5 2. Nf3 e6 3. c3 Nf6 4. e5 Nd5 5. d4 cxd4 6. cxd4 d6 7. Bc4 Nb6 8. Bd3 Bd7 9. 0-0 Bc6 10. Nc3 N8d7 11. Bf4 dxe5 12. dxe5 Nc5 13. Bb5 Bxb5 14. Nxb5 Nd5 15. Bg5 Qd7 16. Qe2 h6 17. Bd2 Be7 18. Rfd1 0-0 19. Nc3 Nxc3 20. Bxc3 Qc6 21. Bb4 Rfc8 22. Rac1 Qe8 23. Nd4 a6 24. Qf3 a5 25. Bc3 b5 26. b3 Bg5 27. Bd2 Bxd2 28. Rxd2 Nd7 29. Re1 Nb6 30. Qe2 Rc5 31. Rc2 Rxc2 32. Qxc2 Rc8 33. Qe4 Qd7 34. Nf3 Qd5 35. Qe2 Qc5 36. Qd2 b4 37. h3 Nd5 38. Kh2 Qc2 39. Re2 Qc7 40. Qd4 Qc1 41. Qd2 Qc5 42. Re4 Qb5 43. Nd4 Qb8 44. Nf3 Rc5 45. g3 Qc7 46. Nd4 Nc3 47. Rg4 Qxe5 48. Nf3 Qf6 49. Rf4 Qe7 50. Rg4 h5 51. Rd4 Nd5 52. Ne5 Rc3 53. Nc4 a4 54. bxa4 Qc5 55. Ne5 Rc2 56. Qd3 Rxf2+ 57. Kg1 Rxa2 0-1

[Event "Arco op 36th"]
[Site "Arco"]
[Date "2014.10.08"]
[Round "5"]
[White "Pedersen, Hans Buus"]
[Black "Vezzosi, Paolo"]
[Result "1/2-1/2"]
[WhiteElo "2142"]
[BlackElo "2284"]
[PlyCount "106"]
[EventDate "2014.10.04"]
[EventType "swiss"]
[EventRounds "9"]
[EventCountry "ITA"]
[SourceTitle "CBM 162 Extra"]
[Source "ChessBase"]
[SourceDate "2014.10.17"]
[SourceVersion "1"]
[SourceVersionDate "2014.10.17"]
[SourceQuality "1"]

1. e4 e6 2. d4 d5 3. Nc3 Bb4 4. exd5 exd5 5. Bd3 Nc6 6. a3 Ba5 7. Be3 Nge7 8. Qf3 Be6 9. Nge2 Qd7 10. h3 Bf5 11. Bxf5 Qxf5 12. Qxf5 Bxc3+ 13. Nxc3 Nxf5 14. Nxd5 0-0-0 15. Nc3 Ncxd4 16. 0-0-0 Nxe3 17. fxe3 Nc6 18. Rxd8+ Rxd8 19. Rd1 Rxd1+ 20. Kxd1 Ne5 21. b3 Kd7 22. Ke2 c5 23. e4 Nc6 24. Nd5 Kd6 25. Ne3 g6 26. Nc4+ Ke6 27. a4 h5 28. Ke3 f6 29. Ke2 h4 30. Ke3 g5 31. Ke2 b6 32. Ke3 Ne5 33. Na3 a6 34. Ke2 Kd6 35. Ke3 Kc6 36. Ke2 b5 37. axb5+ axb5 38. Ke3 Ng6 39. Kf3 Nf4 40. Kf2 Ne6 41. Ke3 Nd4 42. Kd3 Kb6 43. Nb1 Nc6 44. Nc3 Nb4+ 45. Kd2 Kc6 46. Nd1 Kd6 47. c3 Nc6 48. Ke3 Ne5 49. Nb2 Ke6 50. Nd1 Ng6 51. Kf3 Ne5+ 52. Ke3 Ng6 53. Kf3 Ne5+ 1/2-1/2

[Event "Politiken Cup 35th"]
[Site "Helsingor"]
[Date "2013.07.31"]
[Round "6"]
[White "Lindgren, Philip"]
[Black "Pedersen, Hans Buus"]
[Result "1-0"]
[WhiteElo "2287"]
[BlackElo "2118"]
[PlyCount "161"]
[EventDate "2013.07.27"]
[EventType "swiss"]
[EventRounds "10"]
[EventCountry "DEN"]
[SourceTitle "CBM 155 Extra"]
[Source "ChessBase"]
[SourceDate "2013.08.26"]
[SourceVersion "1"]
[SourceVersionDate "2013.08.26"]
[SourceQuality "1"]

1. d4 Nf6 2. c4 e6 3. g3 d5 4. Nf3 Be7 5. Bg2 0-0 6. 0-0 dxc4 7. Qc2 a6 8. Qxc4 b5 9. Qc2 Bb7 10. Bd2 Be4 11. Qc1 Bd6 12. Bg5 Nbd7 13. Nbd2 Bb7 14. e4 Be7 15. e5 Nd5 16. Nb3 c5 17. Nxc5 Nxc5 18. Bxe7 Qxe7 19. Qxc5 Qxc5 20. dxc5 Rac8 21. Rfc1 Nb4 22. Ne1 Bxg2 23. Kxg2 Rfd8 24. Rd1 Nc6 25. f4 f6 26. exf6 gxf6 27. Nf3 Nb4 28. Rxd8+ Rxd8 29. a3 Nc6 30. Kf2 Rd3 31. Re1 Kf7 32. Re3 Rd1 33. b4 Ra1 34. Rd3 Ra2+ 35. Ke3 Ne7 36. Kd4 Nf5+ 37. Kc3 Rxa3+ 38. Kd2 Ra2+ 39. Kc1 Ne7 40. Rd7 Ke8 41. Rd6 Ra4 42. Rxe6 Kf7 43. Nd4 a5 44. Kc2 Nd5 45. Rd6 Nxb4+ 46. Kb3 Nd3 47. c6 Nc5+ 48. Kb2 Rb4+ 49. Kc2 Rc4+ 50. Kd1 Ne4 51. Nxb5 Rc5 52. Rd7+ Kg6 53. Na7 Nc3+ 54. Ke1 Nb5 55. Nxb5 Rxb5 56. g4 Rc5 57. c7 a4 58. h4 a3 59. h5+ Kh6 60. Rf7 a2 61. Rxf6+ Kg7 62. Ra6 Rxc7 63. Rxa2 Rc4 64. Rf2 Rc3 65. Ke2 Rg3 66. g5 Rh3 67. h6+ Kg6 68. f5+ Kf7 69. Rf3 Rh2+ 70. Ke3 Ra2 71. Kf4 Ra1 72. Kg4 Rg1+ 73. Rg3 Ra1 74. Kh4 Rh1+ 75. Rh3 Rf1 76. Kg4 Rg1+ 77. Kh5 Rg2 78. g6+ Kf6 79. gxh7 Kxf5 80. Rf3+ Ke4 81. h8Q 1-0

[Event "Odense Andersen op"]
[Site "Odense"]
[Date "2012.05.19"]
[Round "7"]
[White "Pedersen, Hans Buus"]
[Black "Tari, Aryan"]
[Result "1/2-1/2"]
[WhiteElo "2112"]
[BlackElo "2216"]
[PlyCount "73"]
[EventDate "2012.05.16"]
[EventType "swiss"]
[EventRounds "9"]
[EventCountry "DEN"]
[SourceTitle "CBM 148 Extra"]
[Source "ChessBase"]
[SourceDate "2012.06.22"]
[SourceVersion "1"]
[SourceVersionDate "2012.06.22"]
[SourceQuality "1"]

1. e4 c6 2. Nc3 d5 3. Nf3 Bg4 4. h3 Bxf3 5. Qxf3 Nf6 6. d3 e6 7. Bd2 Bb4 8. e5 Nfd7 9. Qg4 Bf8 10. f4 c5 11. 0-0-0 Nc6 12. Re1 Nd4 13. f5 exf5 14. Qf4 Nb6 15. g4 fxg4 16. hxg4 Be7 17. Bg2 h6 18. Ref1 Rf8 19. Rh5 Qd7 20. Kb1 0-0-0 21. Qg3 Ne6 22. Rhf5 Bg5 23. Bc1 Bxc1 24. Kxc1 Nd4 25. R5f2 Qe7 26. a4 Nc6 27. Nb5 Nxe5 28. Nxa7+ Kb8 29. Nb5 d4 30. Rxf7 Rxf7 31. Rxf7 Qxf7 32. Qxe5+ Ka8 33. Nc7+ Ka7 34. Nb5+ Ka6 35. Nc7+ Ka7 36. Nb5+ Ka6 37. Nc7+ 1/2-1/2

[Event "Liberec op 12th"]
[Site "Liberec"]
[Date "2011.10.24"]
[Round "3"]
[White "Kulhanek, Tomas"]
[Black "Pedersen, Hans Buus"]
[Result "1-0"]
[WhiteElo "2371"]
[BlackElo "2118"]
[PlyCount "123"]
[EventDate "2011.10.22"]
[EventType "swiss"]
[EventRounds "9"]
[EventCountry "CZE"]
[SourceTitle "EXT 2012"]
[Source "ChessBase"]
[SourceDate "2011.11.24"]
[SourceVersion "1"]
[SourceVersionDate "2011.11.24"]
[SourceQuality "1"]

1. e4 c6 2. d4 d5 3. exd5 cxd5 4. c4 Nf6 5. Nc3 Nc6 6. Nf3 Bg4 7. cxd5 Nxd5 8. Qb3 Bxf3 9. gxf3 e6 10. Qxb7 Nxd4 11. Bb5+ Nxb5 12. Qc6+ Ke7 13. Qxb5 Qd7 14. Bg5+ f6 15. Nxd5+ Qxd5 16. Qxd5 exd5 17. Be3 Ke6 18. 0-0-0 Bb4 19. Kb1 Rhd8 20. Rd3 Rd7 21. Rc1 Rad8 22. a3 Be7 23. Rc6+ Kf5 24. Rd4 g5 25. Kc2 h5 26. h3 Rd6 27. Rxd6 Rxd6 28. Ra4 Rc6+ 29. Kd3 a6 30. Ra5 Ke6 31. f4 g4 32. hxg4 hxg4 33. f5+ Kxf5 34. Rxd5+ Ke6 35. Rh5 f5 36. b4 Bf6 37. Rh6 Kd5 38. Bd2 Be5 39. Rh5 Rf6 40. a4 g3 41. f4 Bd4 42. Rg5 Bf2 43. Rg8 Rh6 44. Ke2 Ke4 45. Re8+ Kd4 46. Kf3 Rg6 47. Kg2 Kd3 48. Be1 Bxe1 49. Rxe1 Kc3 50. b5 axb5 51. axb5 Kc4 52. Re5 Kd4 53. Rxf5 Ke4 54. Rg5 Rf6 55. f5 Rb6 56. Kxg3 Rxb5 57. Kg4 Rb1 58. Kh5 Ke5 59. Kg6 Rb6+ 60. f6+ Kf4 61. Rh5 Rb1 62. f7 1-0

[Event "Odense Fynsmesterskabet"]
[Site "Odense"]
[Date "2011.06.01"]
[Round "1"]
[White "Antonsen, Mikkel"]
[Black "Pedersen, Hans Buus"]
[Result "1-0"]
[WhiteElo "2472"]
[BlackElo "2141"]
[PlyCount "87"]
[EventDate "2011.06.01"]
[EventType "swiss"]
[EventRounds "9"]
[EventCountry "DEN"]
[SourceTitle "CBM 142 Extra"]
[Source "ChessBase"]
[SourceDate "2011.06.27"]
[SourceVersion "1"]
[SourceVersionDate "2011.06.27"]
[SourceQuality "1"]

1. d4 Nf6 2. c4 e5 3. dxe5 Ng4 4. Nf3 Bc5 5. e3 Nc6 6. Be2 0-0 7. 0-0 Re8 8. Nc3 a5 9. b3 Ncxe5 10. Nd4 Nf6 11. Na4 b6 12. Nb5 Bb7 13. Nxc5 bxc5 14. f3 Bc6 15. Nc3 a4 16. bxa4 d6 17. Bd2 Nfd7 18. Qb3 Nb6 19. a5 Rxa5 20. a4 Ra6 21. a5 Nbd7 22. Nd5 Nf6 23. e4 Nfd7 24. Bc3 Ra7 25. Qc2 Nf8 26. Rfd1 Qh4 27. Ne3 Bd7 28. Qb2 f6 29. Qd2 Qh6 30. g3 Rea8 31. f4 Nc6 32. Nf5 Qg6 33. Bf3 Re8 34. Qg2 Nb4 35. Ne3 Qf7 36. Nd5 Rea8 37. e5 Rxa5 38. Rxa5 Rxa5 39. exf6 Ra2 40. Ne7+ Qxe7 41. fxe7 Rxg2+ 42. Bxg2 Ne6 43. Bxb4 cxb4 44. Bd5 1-0

[Event "Liberec op 11th"]
[Site "Liberec"]
[Date "2010.10.28"]
[Round "6"]
[White "Pedersen, Hans Buus"]
[Black "Novak, Michal"]
[Result "1/2-1/2"]
[WhiteElo "2144"]
[BlackElo "2165"]
[PlyCount "40"]
[EventDate "2010.10.23"]
[EventType "swiss"]
[EventRounds "9"]
[EventCountry "CZE"]
[SourceTitle "EXT 2011"]
[Source "ChessBase"]
[SourceDate "2010.11.26"]
[SourceVersion "1"]
[SourceVersionDate "2010.11.26"]
[SourceQuality "1"]

1. e4 c5 2. c3 d5 3. exd5 Qxd5 4. d4 e6 5. Nf3 Nf6 6. Na3 a6 7. Nc4 Qd8 8. Be3 Nd5 9. dxc5 Nxe3 10. Qxd8+ Kxd8 11. fxe3 Bxc5 12. 0-0-0+ Ke7 13. Nd4 b5 14. Ne5 Bb7 15. Be2 f6 16. Nd3 Bb6 17. Bf3 Bxf3 18. gxf3 g6 19. Nf4 Bxd4 20. cxd4 g5 1/2-1/2

[Event "Liberec op 11th"]
[Site "Liberec"]
[Date "2010.10.25"]
[Round "3"]
[White "Sorensen, Bent"]
[Black "Pedersen, Hans Buus"]
[Result "1-0"]
[WhiteElo "2271"]
[BlackElo "2144"]
[PlyCount "83"]
[EventDate "2010.10.23"]
[EventType "swiss"]
[EventRounds "9"]
[EventCountry "CZE"]
[SourceTitle "EXT 2011"]
[Source "ChessBase"]
[SourceDate "2010.11.26"]
[SourceVersion "1"]
[SourceVersionDate "2010.11.26"]
[SourceQuality "1"]

1. Nf3 Nf6 2. g3 d5 3. Bg2 Nbd7 4. c4 e6 5. b3 Be7 6. 0-0 0-0 7. Bb2 b6 8. cxd5 Nxd5 9. d4 Bb7 10. Re1 c5 11. e4 N5f6 12. Nc3 Rc8 13. d5 exd5 14. exd5 Bd6 15. Nh4 Re8 16. Nb5 Be5 17. Bxe5 Rxe5 18. Nxa7 Rxe1+ 19. Qxe1 Ra8 20. Nc6 Qc7 21. Ne7+ Kf8 22. d6 Qxd6 23. Bxb7 Re8 24. Nhf5 Qc7 25. Qd2 Rxe7 26. Nxe7 Kxe7 27. Bg2 Kf8 28. Rd1 Kg8 29. Bh3 Nf8 30. Qd8 Qa7 31. Rd2 Qa3 32. Bf5 Qb4 33. Re2 c4 34. bxc4 Qxc4 35. Rc2 Qb4 36. Rc8 Qe1+ 37. Kg2 Qb4 38. Rc7 Qb5 39. Bd3 Qe5 40. Rc8 Qd5+ 41. Qxd5 Nxd5 42. Rb8 1-0

[Event "Liberec op 11th"]
[Site "Liberec"]
[Date "2010.10.23"]
[Round "1"]
[White "Nielsen, Peter"]
[Black "Pedersen, Hans Buus"]
[Result "0-1"]
[WhiteElo "1837"]
[BlackElo "2144"]
[PlyCount "58"]
[EventDate "2010.10.23"]
[EventType "swiss"]
[EventRounds "9"]
[EventCountry "CZE"]
[SourceTitle "EXT 2011"]
[Source "ChessBase"]
[SourceDate "2010.11.26"]
[SourceVersion "1"]
[SourceVersionDate "2010.11.26"]
[SourceQuality "1"]

1. e4 c6 2. d4 d5 3. exd5 cxd5 4. c4 Nf6 5. h3 Nc6 6. Nf3 g6 7. Nc3 Bg7 8. Be3 0-0 9. Qd2 Ne4 10. Nxe4 dxe4 11. Ng5 f5 12. d5 Ne5 13. Bd4 h6 14. Qc3 Qd6 15. 0-0-0 hxg5 16. h4 g4 17. h5 gxh5 18. Rxh5 Qg6 19. Rh2 Nf7 20. Be2 Bxd4 21. Qxd4 Qf6 22. Qe3 Qg5 23. Qxg5+ Nxg5 24. d6 Be6 25. dxe7 Rfe8 26. Rh6 Kg7 27. Rdh1 Rxe7 28. b3 Rd8 29. R6h5 Nf7 0-1

[Event "Politiken Cup 32nd"]
[Site "Copenhagen"]
[Date "2010.08.06"]
[Round "8"]
[White "Pedersen, Hans Buus"]
[Black "Ebeling, Jens"]
[Result "1-0"]
[WhiteElo "2144"]
[BlackElo "1999"]
[PlyCount "83"]
[EventDate "2010.07.31"]
[EventType "swiss"]
[EventRounds "10"]
[EventCountry "DEN"]
[SourceTitle "CBM 137 Extra"]
[Source "ChessBase"]
[SourceDate "2010.09.01"]
[SourceVersion "1"]
[SourceVersionDate "2010.09.01"]
[SourceQuality "1"]

1. e4 c5 2. Nf3 e6 3. c3 Nf6 4. e5 Nd5 5. d4 cxd4 6. Bc4 d6 7. cxd4 dxe5 8. dxe5 Nc6 9. 0-0 Be7 10. Qe2 0-0 11. Qe4 Nb6 12. Bd3 g6 13. Bh6 Re8 14. Nc3 Nb4 15. Rfd1 Bd7 16. Bb5 N4d5 17. Bd3 Nxc3 18. bxc3 Bc6 19. Qg4 Qc7 20. Re1 Rad8 21. Nd4 Qd7 22. h4 Bc5 23. Nxc6 Qxc6 24. Be4 Qc7 25. h5 Kh8 26. Bg5 Rd7 27. Bf6+ Kg8 28. Qg5 Nd5 29. hxg6 fxg6 30. Bxg6 hxg6 31. Qxg6+ Kf8 32. Qh6+ Rg7 33. c4 Nb4 34. Re4 Ree7 35. Rg4 Kg8 36. Bxg7 Rxg7 37. Qxe6+ Kf8 38. Rf4+ Rf7 39. Rxf7+ Qxf7 40. Qc8+ Kg7 41. Qxc5 Nd3 42. Qd4 1-0